<?xml version="1.0" encoding="UTF-8"?>
<marc:record xmlns:marc="http://www.loc.gov/MARC21/slim">
   <marc:leader>00000nam a2200000 a 4500</marc:leader>
   <marc:datafield ind1="1" ind2=" " tag="100">
      <marc:subfield code="a">Hiddleston, Tom</marc:subfield>
   </marc:datafield>
   <marc:datafield ind1="1" ind2=" " tag="100">
      <marc:subfield code="a">Chastain, Jessica</marc:subfield>
   </marc:datafield>
   <marc:datafield ind1="1" ind2=" " tag="100">
      <marc:subfield code="a">Wasikowska, Mia</marc:subfield>
   </marc:datafield>
   <marc:datafield ind1="1" ind2=" " tag="100">
      <marc:subfield code="a">Toro, Guillermo del</marc:subfield>
   </marc:datafield>
   <marc:datafield ind1="0" ind2="0" tag="245">
      <marc:subfield code="a">Crimson Peak</marc:subfield>
   </marc:datafield>
   <marc:datafield ind1=" " ind2="1" tag="264">
      <marc:subfield code="a">Zürich</marc:subfield>
      <marc:subfield code="b">Universal Pictures Germany</marc:subfield>
      <marc:subfield code="c">2016</marc:subfield>
   </marc:datafield>
   <marc:datafield ind1="1" ind2=" " tag="520">
      <marc:subfield code="a">England im 19. Jahrhundert: Die junge Autorin Edith Cushing ist noch nicht lange mit Sir Thomas Sharpe verheiratet, doch schon kommen ihr erste Zweifel, ob ihr so ungemein charmanter Ehemann wirklich der ist, der er zu sein scheint. Edith spürt immer noch die Nachwirkungen einer schrecklichen Familientragödie und sie merkt, dass sie sich immer noch zu ihrem Jugendfreund Dr. Alan McMichael hingezogen fühlt. Durch ihr neues Leben in einem einsamen Landhaus im Norden Englands versucht sie, die Geister der Vergangenheit endlich hinter sich zu lassen. Doch das Haus auf Crimson Peak &#x96; und seine übernatürlichen Bewohner &#x96; vergessen nicht so einfach ... denn zwischen Begehren und Finsternis, Geheimnissen und Wahnsinn liegt die Wahrheit unterhalb von Crimson Peak.</marc:subfield>
   </marc:datafield>
   <marc:datafield ind1=" " ind2=" " tag="020">
      <marc:subfield code="a">5053083064129</marc:subfield>
      <marc:subfield code="9">5053083064129</marc:subfield>
   </marc:datafield>
   <marc:datafield ind1="0" ind2=" " tag="490">
      <marc:subfield code="v">0</marc:subfield>
   </marc:datafield>
   <marc:datafield ind1=" " ind2=" " tag="300">
      <marc:subfield code="a">1 DVD (ca. 114 Min.)</marc:subfield>
   </marc:datafield>
</marc:record>
